| 000 | 00822nim a2200253 i 4500 | ||
|---|---|---|---|
| 001 | bg | ||
| 003 | BPK | ||
| 005 | 20191002115713.0 | ||
| 008 | 010111s1995 pl f |000 0 polo | ||
| 020 | _a8301119772 | ||
| 040 | _cBPK | ||
| 041 |
_arus _apo _gpol _grus |
||
| 080 | _a811.161.1 | ||
| 080 | _a(07) | ||
| 100 | 1 |
_aGranatowska, Halina _d(1937-1999). |
|
| 245 | 0 | 0 |
_aKak dela 1 : _bzeszyt ćwiczeń / _cHalina Granatowska, Irena Danecka. |
| 260 |
_aWarszawa ; Wrocław : _bWydaw. Naukowe PWN, _c1995. |
||
| 300 | _a1 kaseta dźw. | ||
| 650 | 4 |
_aJęzyk rosyjski _xszkoły średnie. |
|
| 655 | 4 | _aPodręczniki dla szkół średnich | |
| 700 | 1 | _aDanecka, Irena. | |
| 856 |
_uhttp://koha.tu.koszalin.pl/cgi-bin/koha/opac-detail.pl?biblionumber=50091 _yKatalog online BPK |
||
| 942 |
_cTM _2UKD |
||
| 999 |
_c50091 _d50091 |
||